Hệ thống văn bản pháp luật mới về quản lý doanh nghiệp và hoạt động kinh doanh
Các văn bản pháp luật hiện hành về quản lí doanh nghiệp và hoạt động kinh doanh: Quy định chung; thủ tục thành lập - đăng kí hoạt động - giải thể - phá sản doanh nghiệp; các quy định đầu tư đấu thầu...
保存先:
| フォーマット: | 図書 |
|---|---|
| 言語: | Undetermined |
| 出版事項: |
Hà Nội
Tài chính
2006
|
| 主題: | |
| タグ: |
タグ追加
タグなし, このレコードへの初めてのタグを付けませんか!
|
| Thư viện lưu trữ: | Trung tâm Học liệu Trường Đại học Cần Thơ |
|---|
| LEADER | 00890nam a2200193Ia 4500 | ||
|---|---|---|---|
| 001 | CTU_101414 | ||
| 008 | 210402s9999 xx 000 0 und d | ||
| 020 | |c 189000 | ||
| 082 | |a 346.597065 | ||
| 082 | |b H250 | ||
| 245 | 0 | |a Hệ thống văn bản pháp luật mới về quản lý doanh nghiệp và hoạt động kinh doanh | |
| 260 | |a Hà Nội | ||
| 260 | |b Tài chính | ||
| 260 | |c 2006 | ||
| 520 | |a Các văn bản pháp luật hiện hành về quản lí doanh nghiệp và hoạt động kinh doanh: Quy định chung; thủ tục thành lập - đăng kí hoạt động - giải thể - phá sản doanh nghiệp; các quy định đầu tư đấu thầu... | ||
| 650 | |a Business enterprises | ||
| 650 | |x Law and legislation | ||
| 904 | |i Tuyến | ||
| 980 | |a Trung tâm Học liệu Trường Đại học Cần Thơ | ||